<?xml version="1.0" encoding="UTF-8"?><?xml-stylesheet type="text/xsl" href="static/style.xsl"?><OAI-PMH xmlns="http://www.openarchives.org/OAI/2.0/" xmlns:xsi="http://www.w3.org/2001/XMLSchema-instance" xsi:schemaLocation="http://www.openarchives.org/OAI/2.0/ http://www.openarchives.org/OAI/2.0/OAI-PMH.xsd"><responseDate>2026-04-17T22:50:20Z</responseDate><request verb="GetRecord" identifier="oai:www.recercat.cat:2117/84031" metadataPrefix="marc">https://recercat.cat/oai/request</request><GetRecord><record><header><identifier>oai:recercat.cat:2117/84031</identifier><datestamp>2025-07-17T00:39:48Z</datestamp><setSpec>com_2072_1033</setSpec><setSpec>col_2072_452950</setSpec></header><metadata><record xmlns="http://www.loc.gov/MARC21/slim" xmlns:dcterms="http://purl.org/dc/terms/" xmlns:xsi="http://www.w3.org/2001/XMLSchema-instance" xmlns:doc="http://www.lyncode.com/xoai" xsi:schemaLocation="http://www.loc.gov/MARC21/slim http://www.loc.gov/standards/marcxml/schema/MARC21slim.xsd">
   <leader>00925njm 22002777a 4500</leader>
   <datafield ind2=" " ind1=" " tag="042">
      <subfield code="a">dc</subfield>
   </datafield>
   <datafield ind2=" " ind1=" " tag="720">
      <subfield code="a">Urzelai, Karmelo</subfield>
      <subfield code="e">author</subfield>
   </datafield>
   <datafield ind2=" " ind1=" " tag="260">
      <subfield code="c">1998-02-02</subfield>
   </datafield>
   <datafield ind2=" " ind1=" " tag="520">
      <subfield code="a">A key step of any distributed system, based on the negotiation&#xd;
paradigm, is the selection of an agent to whom offer a contract to&#xd;
solve a problem. The agents must have social knowledge that may&#xd;
contain a list of acquaintances. If more than one agent match the&#xd;
requirements needed to solve a problem, a conflict resolution&#xd;
criterion is necessary. The paper begins describing the agentUs&#xd;
structure, with the knowledge that intervenes in the selection&#xd;
process. Afterwards, some strategies for agent selection, based on&#xd;
knowledge acquired during previous contracts, are presented, and a&#xd;
generic model is proposed to support them. The adaptation of the&#xd;
proposed model to societies with different features is discussed&#xd;
too. Finally, some extensions for the agentUs selection criteria are&#xd;
explained. The proposed solution is simple and efficient.</subfield>
   </datafield>
   <datafield ind2=" " ind1=" " tag="520">
      <subfield code="a">Postprint (published version)</subfield>
   </datafield>
   <datafield tag="653" ind2=" " ind1=" ">
      <subfield code="a">Àrees temàtiques de la UPC::Informàtica::Intel·ligència artificial</subfield>
   </datafield>
   <datafield tag="653" ind2=" " ind1=" ">
      <subfield code="a">Multiagents</subfield>
   </datafield>
   <datafield tag="653" ind2=" " ind1=" ">
      <subfield code="a">Distributed systems</subfield>
   </datafield>
   <datafield ind2="0" ind1="0" tag="245">
      <subfield code="a">Trust values for agent selection in multiagent systems</subfield>
   </datafield>
</record></metadata></record></GetRecord></OAI-PMH>